000
00252nam a2200097Ia 4500
001
995048
005
20250826221439.0
008
250824s9999 xx 000 0 und d
245
0
_a
TUT ELİNİ YALNIZ DEĞİLSİN
_c
LARA TUKSAL
260
_b
DESTEK YAYINLARI
999
_c
995048
_d
995048